00439nam a2200121Ia 4500008004100000082002000041100002700061245004000088260003900128300000900167630001800176650012300194211109s9999||||xx |||||||||||||| ||und|| a894.8121bDAM-K aNampoothri, Damodharan 0aKalakeya Vathem: Seethankan Thullal bNATIONAL BOOKSTALLaKottayamc1900 a58p. xGeneral Stack aLiteratures of other languagesvAltaic, Uralic, Hyperborean & DravidianMalayalam LiteratureMalayalam PoetryxGeneralia